The Physics Book: Big Ideas Simply Explained / (Record no. 8470)

MARC details
000 -LEADER
fixed length control field 00610nam a22001817a 4500
003 - CONTROL NUMBER IDENTIFIER
control field OSt
005 - DATE AND TIME OF LATEST TRANSACTION
control field 20251224141927.0
008 - FIXED-LENGTH DATA ELEMENTS--GENERAL INFORMATION
fixed length control field 251224b |||||||| |||| 00| 0 eng d
020 ## - INTERNATIONAL STANDARD BOOK NUMBER
International Standard Book Number 9780241412725
040 ## - CATALOGING SOURCE
Transcribing agency n
082 ## - DEWEY DECIMAL CLASSIFICATION NUMBER
Classification number 530 D56 2020
245 ## - TITLE STATEMENT
Title The Physics Book: Big Ideas Simply Explained /
Remainder of title foreword by Jim Al‑Khalili.
260 ## - PUBLICATION, DISTRIBUTION, ETC.
Name of publisher, distributor, etc. London, United Kingdom. Dorling Kindersley Ltd. 2020
300 ## - PHYSICAL DESCRIPTION
Extent 336 p. 24 cm.
650 ## - SUBJECT ADDED ENTRY--TOPICAL TERM
Topical term or geographic name entry element Physics | History of science | Fundamental concepts in physics | Laws & theories of physics | Popular science
700 ## - ADDED ENTRY--PERSONAL NAME
Personal name Jim Al‑Khalili
942 ## - ADDED ENTRY ELEMENTS (KOHA)
Source of classification or shelving scheme Dewey Decimal Classification
Koha item type English Book
Suppress in OPAC No
Holdings
Withdrawn status Lost status Source of classification or shelving scheme Damaged status Not for loan Home library Current library Date acquired Total Checkouts Full call number Barcode Date last seen Price effective from Koha item type
    Dewey Decimal Classification     CENTRAL TUWAIQ 12/28/2025   530 D56 2020 1000000025480 12/28/2025 12/28/2025 English Book